000 01748nam a2200385 i 4500
001 000005075
003 DO-SdBNP
005 20250203131435.0
007 ta
008 090729s2000 dr a r 000 0 spa d
020 _a9993436046
040 _aDO-SdBNP
_bspa
_cBNPHU
_erda
082 _a342
_bM671p
_222
100 1 _a Mirabal, Minerva,
_d1926-1960
_b1926-1960
_eautor
_9919
245 1 3 _aMinerva Mirabal :
_bel principio de la irretroactividad de las leyes y la jurisprudencia dominicana (tesis doctoral) /
_cMinerva Mirabal ; coordinación y edición Aura Celeste Fernández Rodríguez, Carlos Villaverde Gómez, José Aracena ; prólogo Luis R. Del Castillo Morales.
264 _aSanto Domingo :
_bComisión de Apoyo a la Reforma y Modernización de la Justicia,
_c2000.
300 _a92 paginas :
_bilustraciones ;
_c26 cm.
336 _2rdacontent
_atexto
_btxt
337 _2rdamedia
_asin mediación
_bn
338 _2rdacarrier
_avolumen
_bnc
504 _aBibliografía :p. 79
504 _aIncluye referencias bibliográficas y notas al pie de las páginas
590 _aInventariado, 2024 / DG
600 _aMirabal Reyes de Tavárez, Minerva Argentina
_d1926-1960
_984766
650 4 _aRetroactividad de las leyes
_zRepública Dominicana
_914577
650 4 _aDerecho comparado
_zRepública Dominicana
_914578
650 4 _aLegislación
_zRepública Dominicana
_93032
650 4 _aFilosofia del derecho
_zRepública Dominicana
_914579
700 1 _aFernández Rodríguez, Aura Celeste,
_d1959-
_ecoord. y ed.
_976547
700 1 _aVillaverde Gómez, Carlos,
_ecoord. y ed.
_914581
700 1 _aAracena, José,
_ecoord. y ed.
_914582
700 1 _aDel Castillo Morales, Luis R.,
_epról.
_914583
910 _aDG
942 _2ddc
_cLBS1
999 _c4879
_d4879